Paesi ospitanti Europei - Statistics

Statistiche generali
  • Questo quiz è stato fatto 28 volte
    11 dall'ultimo reset
  • Il punteggio medio è 16 su 20
Statistiche sulle risposte
Edizioni ospitate Paese ospitante % Corretto
2008 Austria
100%
1960; 1984; 2016 Francia
100%
1988; 2020; 2024 Germania Ovest / Germania
100%
1968; 1980, 2020 Italia
100%
2000; 2020 Paesi Bassi
100%
2004 Portogallo
100%
1964; 2020 Spagna
100%
2008 Svizzera
100%
2012 Ucraina
100%
1972; 2000 Belgio
91%
2012 Polonia
91%
2020 Russia
91%
2020 Danimarca
82%
1996; 2020 Inghilterra
73%
1992 Svezia
73%
2020 Romania
64%
2020 Ungheria
64%
1976 Jugoslavia
27%
2020 Scozia
27%
2020 Azerbaigian
18%
Nessun quiz corrispondente trovato
Distribuzione punteggi
Percentuale di utenti per punteggio
Percentile per numero di risposta
I tuoi punteggi nel tempo
Non hai fatto questo quiz dall'ultimo reset